| 000 | 01873cam a22003135a 4500 | ||
|---|---|---|---|
| 001 | 115470 | ||
| 008 | 090303s2014 xxk f 001 0 eng d | ||
| 020 | _a9781783210244 | ||
| 041 | 0 | _aeng | |
| 050 | 0 | 4 | _a692.3095 |
| 110 | 2 |
_aRoyal Institution of Chartered Surveyors _94900 |
|
| 240 | _aNRM 3 | ||
| 245 | 0 | 0 |
_aNRM 3 _bNew rules of measurement _border of cost estimating cost planning for building maintenance works _c[old edition] |
| 260 |
_aLondon, _bRICS, _cFebruary 2014 |
||
| 300 |
_aviii, 544 p. _bill. _c30cm. |
||
| 350 | _a45 | ||
| 490 | 0 | _aRICS Guidance Note | |
| 505 | 2 | _aForeword -- Introduction -- Part 1: general -- Part 2: new rules of measurement for building maintenance works -- Part 3: Measurement rules for order of cost estimating (renewal and maintain) -- Part 4: Measurement rules for cost planning of renewal (R) and maintain (M) work -- Part 5: Calculation of annualised costs for renewal (R) and maintain (M) work -- Part 6: Tabulated rules of measurement for elemental cost planning -- Tables -- Appendices -- Bibliography -- Index | |
| 520 | _aGives guidance on the quantification and description of maintenance works for the purpose of preparing initial order of cost estimates. The rules also aid the procurement and cost control of maintenance works. Effective from 1 January 2015. | ||
| 520 | _aSuperseded by 2nd edition 2021 (ISBN 9781783214266) | ||
| 521 | _aAdvanced | ||
| 650 | 2 | 4 | _aRICS NEW RULES OF MEASUREMENT |
| 650 | 2 | 4 | _aNEW RULES OF MEASUREMENT 3 |
| 651 | 4 | _aInternational | |
| 690 |
_aCost management _96233 |
||
| 690 |
_aConstruction management _96230 |
||
| 856 |
_uhttps://www.rics.org/globalassets/rics-website/media/upholding-professional-standards/sector-standards/construction/nrm_3_building_maintenance_works_1st_edition_pgguidance_2013.pdf _zArchived version available on RICS.org |
||
| 942 |
_n0 _2ddc |
||
| 999 |
_c115470 _d115470 |
||